[Event "American Cup Blitz 2026"]
[Site "Saint Louis USA"]
[Date "2026.03.02"]
[Round "7.13"]
[White "Raja, Harshit"]
[Black "Kadric, Denis"]
[Result "1-0"]
[WhiteTitle "GM"]
[BlackTitle "GM"]
[WhiteElo "2472"]
[BlackElo "2540"]
[WhiteFideId "5089000"]
[BlackFideId "14403803"]
[EventDate "2026.03.02"]

1. e4 d6 2. d4 Nf6 3. Nc3 g6 4. Nf3 Bg7 5. Bg5 c6 6. Qd2 h6 7. Bf4 Nbd7 8. e5
Nh5 9. e6 fxe6 10. Be3 Nhf6 11. Bd3 Nf8 12. a4 Qa5 13. h3 Nd5 14. O-O g5 15. Qe2
Nxc3 16. bxc3 Nd7 17. Bg6+ Kd8 18. c4 e5 19. Bd2 Qc7 20. Rfe1 c5 21. dxe5 Nxe5
22. Nxe5 Bxe5 23. Rad1 Qd7 24. Qf3 Qe6 25. Ba5+ b6 26. Qxa8 Qxg6 27. Rxe5 Qxc2
28. Ree1 bxa5 29. Qxa7 Re8 30. Qxa5+ Kd7 31. Qb5+ Kd8 32. Rxd6+ exd6 33. Rxe8+
Kc7 34. Re7+ 1-0

[Event "American Cup Blitz 2026"]
[Site "Saint Louis USA"]
[Date "2026.03.02"]
[Round "7.14"]
[White "Tari, Aryan"]
[Black "Putnam, Liam"]
[Result "1-0"]
[WhiteTitle "GM"]
[BlackTitle "IM"]
[WhiteElo "2642"]
[BlackElo "2485"]
[WhiteFideId "1510045"]
[BlackFideId "30938279"]
[EventDate "2026.03.02"]

1. e4 c5 2. Nf3 Nc6 3. Bc4 e6 4. O-O Nf6 5. Re1 d6 6. c3 Nxe4 7. Rxe4 d5 8. Bxd5
Qxd5 9. Re1 b6 10. d4 cxd4 11. cxd4 Bb4 12. Nc3 Bxc3 13. bxc3 O-O 14. Qd3 Bb7
15. Ng5 f5 16. Qh3 h6 17. Nf3 Rae8 18. Ne5 Ne7 19. Ba3 Rf6 20. c4 Qd8 21. Bxe7
Qxe7 22. Rad1 Rd8 23. Qb3 Qc7 24. a4 Kh7 25. h4 f4 26. f3 Rf5 27. Qc2 Kg8 28.
Ng4 Qf7 29. Qe2 Rd6 30. c5 bxc5 31. dxc5 Rxd1 32. Rxd1 Rxc5 33. Rd8+ Kh7 34.
Qd3+ Qf5 35. Qb3 Rc1+ 36. Kh2 Rc7 37. Qb4 Qh5 38. Kh3 Qf7 39. Qd4 h5 40. Qd3+
Qf5 41. Qxf5+ exf5 42. Ne5 Ba6 43. Rd6 Bf1 44. Ng6 Rc3 45. Kh2 Rc2 46. Nxf4 Rc4
47. Kg3 Rxa4 48. Nxh5 Ra2 49. Nf4 Bb5 50. Rd5 Be8 51. Rxf5 a5 52. Re5 Bf7 53.
Re7 Kg8 54. Nh3 Kf8 55. Ra7 a4 56. Ng5 Bb3 57. Ne4 Rc2 58. h5 Rc6 59. Kf4 Rc4
60. g4 Bc2 61. Ke5 Rb4 62. Nd6 Bb3 63. Ra8+ Ke7 64. Nf5+ Kd7 65. Nxg7 Bd1 66. h6
Bxf3 67. h7 Rb5+ 68. Kf4 Bxa8 69. h8=Q Bc6 70. Qe8+ Kc7 71. Ne6+ Kd6 72. Qf7 a3
73. Nd4 Ra5 74. Qe6+ Kc5 75. Nxc6 Ra4+ 76. Kf5 a2 77. Qe5+ Kxc6 78. Qa1 Kd7 79.
Qd1+ 1-0

[Event "American Cup Blitz 2026"]
[Site "Saint Louis USA"]
[Date "2026.03.02"]
[Round "7.15"]
[White "Mikaelyan, Arman"]
[Black "Sonis, Francesco"]
[Result "1-0"]
[WhiteTitle "GM"]
[BlackTitle "GM"]
[WhiteElo "2494"]
[BlackElo "2561"]
[WhiteFideId "13304852"]
[BlackFideId "895733"]
[EventDate "2026.03.02"]

1. d4 Nf6 2. c4 g6 3. Nc3 Bg7 4. Nf3 d6 5. g3 O-O 6. Bg2 Nbd7 7. O-O e5 8. e4
exd4 9. Nxd4 Nc5 10. b3 Re8 11. f3 c6 12. Be3 a5 13. Qd2 Qe7 14. Rad1 h5 15.
Nde2 Bf8 16. h3 h4 17. g4 a4 18. b4 Ne6 19. f4 Ng7 20. f5 gxf5 21. gxf5 Nh7 22.
Bd4 Nh5 23. Bf3 N5f6 24. Kh1 Bg7 25. Rg1 Kh8 26. Rxg7 Kxg7 27. c5 dxc5 28. bxc5
Bxf5 29. exf5 Rad8 30. Ne4 Rxd4 31. Qxd4 Qe5 32. Rg1+ Kh8 33. Nd6 Ng5 34. Nxe8
Qxd4 35. Nxd4 1-0

[Event "American Cup Blitz 2026"]
[Site "Saint Louis USA"]
[Date "2026.03.02"]
[Round "7.16"]
[White "Dudin, Gleb"]
[Black "Rosen, Eric"]
[Result "0-1"]
[WhiteTitle "GM"]
[BlackTitle "IM"]
[WhiteElo "2596"]
[BlackElo "2377"]
[WhiteFideId "34184934"]
[BlackFideId "2032562"]
[EventDate "2026.03.02"]

1. e4 c5 2. c3 d5 3. exd5 Nf6 4. Bb5+ Bd7 5. Bxd7+ Qxd7 6. c4 e6 7. dxe6 fxe6 8.
Nf3 Nc6 9. Nc3 Qd3 10. Qe2 Nb4 11. O-O Qxe2 12. Nxe2 Nd3 13. Ne1 O-O-O 14. Nxd3
Rxd3 15. Nf4 Rd6 16. Re1 Kd7 17. d3 g5 18. Ne2 h6 19. Rd1 Bg7 20. Be3 Rc8 21. h3
Ng8 22. Rd2 Ne7 23. Ng3 Nf5 24. Ne4 Rdc6 25. Re1 b6 26. g3 Rd8 27. Kg2 Kc8 28.
b3 Rc7 29. Red1 Rcd7 30. Kf3 Kc7 31. Ke2 Kc6 32. g4 Nh4 33. a3 a5 34. Rb1 Bf8
35. Rbd1 Ng6 36. Rb1 Ne5 37. Rbd1 Ng6 38. Nc3 Bg7 39. Nb5 Bd4 40. Bxd4 Nf4+ 41.
Kf3 cxd4 42. Kg3 Rf8 43. Re1 Kc5 44. Re5+ Kc6 45. b4 axb4 46. axb4 Ra8 47. Re4
e5 48. Rxe5 Ra1 49. Re4 Rh1 50. Rxf4 gxf4+ 51. Kxf4 Rxh3 52. Ke4 Kb7 53. Nxd4
Rh2 54. Nf5 Rd8 55. d4 Re8+ 56. Kf4 Rf8 57. d5 h5 58. Kg3 Rh1 59. f3 Rh8 60. c5
bxc5 61. bxc5 h4+ 62. Kf4 h3 63. Rb2+ Ka6 64. d6 h2 65. d7 Rd1 66. Rxh2 Rxh2 67.
c6 Kb6 68. Ne7 Re2 0-1

[Event "American Cup Blitz 2026"]
[Site "Saint Louis USA"]
[Date "2026.03.02"]
[Round "7.17"]
[White "Krush, Irina"]
[Black "Kavutskiy, Kostya"]
[Result "1-0"]
[WhiteTitle "GM"]
[BlackTitle "IM"]
[WhiteElo "2402"]
[BlackElo "2330"]
[WhiteFideId "2012782"]
[BlackFideId "2026384"]
[EventDate "2026.03.02"]

1. d4 Nf6 2. c4 g6 3. Nc3 Bg7 4. e4 d6 5. Be2 O-O 6. Nf3 e5 7. d5 Nbd7 8. Be3
Ng4 9. Bg5 f6 10. Bh4 a5 11. Nd2 Nh6 12. f3 Nf7 13. Bf2 f5 14. Qc2 c6 15. exf5
cxd5 16. fxg6 hxg6 17. Nxd5 e4 18. Nxe4 Nde5 19. O-O Bf5 20. Rad1 Rc8 21. Qb3
Ng5 22. Nxg5 Qxg5 23. Qxb7 Rb8 24. Qe7 Qh6 25. b3 a4 26. Qxd6 Kh8 27. Ne7 Bc2
28. Rd2 axb3 29. axb3 Rxb3 30. Rxc2 Kh7 31. c5 Nf7 32. Qd2 Qh5 33. c6 Bf6 34.
Nd5 Bg5 35. f4 1-0

[Event "American Cup Blitz 2026"]
[Site "Saint Louis USA"]
[Date "2026.03.02"]
[Round "7.18"]
[White "Alexakis, Dimitris"]
[Black "Celik, Hasan Huseyin"]
[Result "0-1"]
[WhiteTitle "GM"]
[BlackTitle "IM"]
[WhiteElo "2538"]
[BlackElo "2495"]
[WhiteFideId "4277023"]
[BlackFideId "44506759"]
[EventDate "2026.03.02"]

1. e4 c5 2. Nf3 d6 3. d4 cxd4 4. Nxd4 Nf6 5. f3 Nc6 6. c4 g6 7. Nc3 Bg7 8. Be3
O-O 9. Be2 Nxd4 10. Bxd4 Be6 11. O-O Qa5 12. Rc1 Rfc8 13. b3 Nd7 14. Bxg7 Kxg7
15. f4 Nf6 16. h3 a6 17. a4 b5 18. axb5 axb5 19. e5 dxe5 20. fxe5 Qb6+ 21. Kh1
Nd7 22. Nxb5 Nxe5 23. Qd2 f6 24. Qc3 Ra2 25. Nd4 Bf7 26. c5 Qb7 27. c6 Qb6 28.
Bf3 Nxf3 29. Rxf3 e5 30. Nf5+ gxf5 31. Rg3+ Bg6 32. Rd3 Qf2 33. Rg1 f4 34. Rd7+
Kh6 35. Rd6 f3 36. Qxf3 Qxf3 37. gxf3 Rc2 38. Rxf6 R2xc6 0-1

[Event "American Cup Blitz 2026"]
[Site "Saint Louis USA"]
[Date "2026.03.02"]
[Round "7.19"]
[White "Munkhdalai, Amilal"]
[Black "Harsha, Bharathakoti"]
[Result "0-1"]
[WhiteTitle "IM"]
[BlackTitle "GM"]
[WhiteElo "2455"]
[BlackElo "2538"]
[WhiteFideId "4903250"]
[BlackFideId "5078776"]
[EventDate "2026.03.02"]

1. e4 c5 2. Nf3 d6 3. Bb5+ Bd7 4. Bxd7+ Nxd7 5. O-O Ngf6 6. Qe2 Rc8 7. d4 cxd4
8. Nxd4 g6 9. c4 Qa5 10. Nb3 Qa6 11. Na3 Bg7 12. Bd2 O-O 13. Rfc1 Ne5 14. Rc2
Nfd7 15. Kf1 Nb6 16. c5 Qxe2+ 17. Kxe2 Na4 18. Rac1 Nc6 19. cxd6 Bxb2 20. Rxb2
Nxb2 21. d7 Rcd8 22. Bh6 Na4 23. Bxf8 Kxf8 24. Rd1 Nc3+ 0-1

[Event "American Cup Blitz 2026"]
[Site "Saint Louis USA"]
[Date "2026.03.02"]
[Round "7.20"]
[White "Rorrer, Grayson"]
[Black "Kacharava, Nikolozi"]
[Result "1-0"]
[WhiteTitle "IM"]
[BlackTitle "GM"]
[WhiteElo "2415"]
[BlackElo "2501"]
[WhiteFideId "30944996"]
[BlackFideId "13611860"]
[EventDate "2026.03.02"]

1. d4 d5 2. c4 e6 3. Nf3 Nf6 4. g3 c5 5. Bg2 cxd4 6. O-O Bc5 7. Nxd4 O-O 8. cxd5
Nxd5 9. Qd2 Nc6 10. Nb3 Bb6 11. Nc3 Nxc3 12. Qxc3 Qe7 13. Be3 Bd7 14. Rfd1 Rfc8
15. Bc5 Qe8 16. Qe3 Bd8 17. Qd2 Rc7 18. Bd6 Rcc8 19. Ba3 Rc7 20. Nc5 Be7 21.
Nxd7 Rd8 22. Bxe7 Rdxd7 23. Bd6 e5 24. Qe3 Rc8 25. Bh3 Nd4 26. Bxd7 Qxd7 27.
Bxe5 1-0

[Event "American Cup Blitz 2026"]
[Site "Saint Louis USA"]
[Date "2026.03.02"]
[Round "7.21"]
[White "Chirila, Ioan-Cristian"]
[Black "Kuru, Atilla"]
[Result "0-1"]
[WhiteTitle "GM"]
[BlackTitle "IM"]
[WhiteElo "2506"]
[BlackElo "2450"]
[WhiteFideId "1211668"]
[BlackFideId "51607948"]
[EventDate "2026.03.02"]

1. d4 d5 2. c4 e6 3. Nc3 Nf6 4. Nf3 dxc4 5. e3 a6 6. a4 Nbd7 7. Bxc4 Bd6 8. h3
O-O 9. O-O Qe7 10. e4 e5 11. Bg5 c6 12. Re1 h6 13. Bh4 exd4 14. Nxd4 Ne5 15. Bb3
Rd8 16. Qc2 Bc5 17. Nf5 Bxf5 18. exf5 Qc7 19. Ne4 Be7 20. Bg3 Qa5 21. Ng5 hxg5
22. Rxe5 Qb4 23. a5 Rd2 24. Qc3 Qxc3 25. bxc3 Bd6 26. Re3 Bxg3 27. fxg3 Kf8 28.
Rb1 Rad8 29. g4 Ne8 30. Rbe1 Nd6 31. R1e2 Rxe2 32. Rxe2 Nb5 33. Re3 Rd2 34. Bc4
Nd6 35. Be2 Ra2 36. Re5 Ra3 37. c4 f6 38. Re6 Nf7 39. Re3 Rxe3 0-1

[Event "American Cup Blitz 2026"]
[Site "Saint Louis USA"]
[Date "2026.03.02"]
[Round "7.22"]
[White "Budisavljevic, Luka"]
[Black "Bilych, Oleksii"]
[Result "1-0"]
[WhiteTitle "GM"]
[BlackTitle "IM"]
[WhiteElo "2501"]
[BlackElo "2450"]
[WhiteFideId "960047"]
[BlackFideId "14156504"]
[EventDate "2026.03.02"]

1. d4 Nf6 2. Nf3 d5 3. e3 e6 4. Bd3 Be7 5. b3 c5 6. O-O cxd4 7. exd4 O-O 8. c4
b6 9. Bb2 Bb7 10. Nbd2 Nc6 11. Qe2 Rc8 12. Rad1 Nh5 13. Qe3 Nf6 14. Rfe1 Re8 15.
Ne5 Nxe5 16. dxe5 Nd7 17. cxd5 Bxd5 18. Ne4 Bxe4 19. Qxe4 Nf8 20. Ba6 Qc7 21.
Rc1 Qd7 22. Bxc8 Rxc8 23. Rxc8 Qxc8 24. Rc1 Qd7 25. Qd4 Qb7 26. Qc4 Bg5 27. Qc8
Qe7 28. Rd1 h5 29. g3 h4 30. f4 Bh6 31. Rd6 hxg3 32. hxg3 f5 33. Ba3 Kh7 34. Rd8
Qxa3 35. Rxf8 g6 36. Rh8+ 1-0

[Event "American Cup Blitz 2026"]
[Site "Saint Louis USA"]
[Date "2026.03.02"]
[Round "7.23"]
[White "Aryan, Chopra"]
[Black "Boyer, Mahel"]
[Result "1/2-1/2"]
[WhiteTitle "GM"]
[BlackTitle "GM"]
[WhiteElo "2631"]
[BlackElo "2486"]
[WhiteFideId "5084423"]
[BlackFideId "45102422"]
[EventDate "2026.03.02"]

1. d4 d5 2. Bg5 Nf6 3. e3 c5 4. Bxf6 exf6 5. Nc3 Nc6 6. Nge2 Be6 7. g3 cxd4 8.
exd4 Qb6 9. Rb1 h5 10. Bg2 O-O-O 11. O-O h4 12. Nf4 hxg3 13. hxg3 g5 14. Nfxd5
Qxd4 15. Qxd4 Nxd4 16. Rfd1 Bc5 17. b4 Bb6 18. Rd2 Kb8 19. Rbd1 Nc6 20. Nxb6
Rxd2 21. Rxd2 axb6 22. a3 f5 23. Bd5 Rd8 24. Rd1 Ne5 25. Bxe6 Rxd1+ 26. Nxd1
fxe6 27. Nb2 Kc7 28. c4 Nf3+ 29. Kf1 Nd4 30. a4 Kd6 31. Nd3 e5 32. c5+ bxc5 33.
Nxc5 b6 34. Nd3 e4 35. Nb2 Nc6 36. Nc4+ Kc7 37. a5 b5 38. Na3 Nd4 39. Ke1 Kc6
40. Kd2 f4 41. gxf4 gxf4 42. Nc2 Ne6 43. Kc3 Kd5 44. a6 Nc7 45. a7 Kc6 46. Kd4
e3 47. fxe3 fxe3 48. Nxe3 Kb7 49. Nd5 Na6 50. Nc3 Nxb4 51. Nxb5 Nc6+ 52. Kc5
Nxa7 53. Nxa7 1/2-1/2

[Event "American Cup Blitz 2026"]
[Site "Saint Louis USA"]
[Date "2026.03.02"]
[Round "7.24"]
[White "Can, Isik"]
[Black "Wang, Tianqi"]
[Result "1-0"]
[WhiteTitle "GM"]
[BlackTitle "IM"]
[WhiteElo "2562"]
[BlackElo "2331"]
[WhiteFideId "6383742"]
[BlackFideId "2063824"]
[EventDate "2026.03.02"]

1. e4 c6 2. d4 d5 3. Nd2 dxe4 4. Nxe4 Nf6 5. Nxf6+ exf6 6. c3 Bd6 7. Bd3 Na6 8.
Ne2 Nc7 9. O-O h5 10. Nf4 h4 11. Re1+ Kf8 12. Qf3 Bxf4 13. Bxf4 Nd5 14. Bd2 Be6
15. b3 a5 16. h3 Qd7 17. Rad1 b5 18. c4 bxc4 19. bxc4 Nb4 20. Be4 Qd8 21. Bxb4+
axb4 22. Bxc6 Rc8 23. d5 Bd7 24. Bxd7 Qxd7 25. d6 1-0

[Event "American Cup Blitz 2026"]
[Site "Saint Louis USA"]
[Date "2026.03.02"]
[Round "7.25"]
[White "Pyrih, Roman"]
[Black "Stremavicius, Titas"]
[Result "1/2-1/2"]
[WhiteTitle "IM"]
[BlackTitle "GM"]
[WhiteElo "2403"]
[BlackElo "2547"]
[WhiteFideId "14179156"]
[BlackFideId "12804444"]
[EventDate "2026.03.02"]

1. Nc3 e6 2. e4 d5 3. d4 Nf6 4. e5 Nfd7 5. f4 c5 6. Nf3 Nc6 7. Be3 Rb8 8. h4 Qa5
9. h5 h6 10. Rh3 b5 11. Kf2 cxd4 12. Nxd4 Nxd4 13. Bxd4 b4 14. Ne2 Ba6 15. g4
Nc5 16. Re3 Be7 17. Kg1 Na4 18. Qd2 Bxe2 19. Bxe2 Bc5 20. a3 Bxd4 21. Qxd4 Nc5
22. f5 O-O 23. f6 Ne4 24. Bd3 Ng5 25. fxg7 Rfc8 26. Kg2 Qc5 27. Qxc5 Rxc5 28. b3
bxa3 29. Rxa3 Rb4 30. Kg3 a5 31. Re1 Ne4+ 32. Bxe4 dxe4 33. c4 a4 34. bxa4 Rbxc4
35. a5 Rc3+ 36. Rxc3 Rxc3+ 37. Kf4 Ra3 38. g5 Kxg7 39. gxh6+ Kxh6 40. Rxe4 Kxh5
41. Rb4 Rxa5 42. Rb7 Ra4+ 43. Kf3 Kg6 44. Rc7 Ra1 45. Rb7 Rf1+ 46. Ke4 Kg5 47.
Ra7 Rf4+ 48. Ke3 Kg4 49. Rb7 Kg3 50. Ra7 Rf5 51. Ke4 Kg4 52. Rb7 Kg5 53. Ra7 Kg6
54. Rb7 Kg7 55. Ra7 Kg6 56. Rb7 Kg7 1/2-1/2

[Event "American Cup Blitz 2026"]
[Site "Saint Louis USA"]
[Date "2026.03.02"]
[Round "7.26"]
[White "Heimann, Mark"]
[Black "Atwell, Rose"]
[Result "1-0"]
[WhiteTitle "GM"]
[BlackTitle "FM"]
[WhiteElo "2511"]
[BlackElo "2337"]
[WhiteFideId "2028441"]
[BlackFideId "30951011"]
[EventDate "2026.03.02"]

1. e4 e6 2. d4 d5 3. Nc3 Nf6 4. Bg5 dxe4 5. Bxf6 gxf6 6. Nxe4 Be7 7. Nf3 f5 8.
Nc3 a6 9. g3 b5 10. Bg2 Bb7 11. Qd2 Nd7 12. O-O Nf6 13. Ne5 Bxg2 14. Kxg2 b4 15.
Ne2 Qd5+ 16. f3 Rd8 17. Rad1 O-O 18. Nf4 Qd6 19. c3 c5 20. Qe3 bxc3 21. bxc3
cxd4 22. cxd4 Rc8 23. Rf2 Nd5 24. Nxd5 Qxd5 25. Qf4 f6 26. Nd3 Rc4 27. Ne1 Rd8
28. Nc2 Qc6 29. Ne3 Rc1 30. Nxf5 Ba3 31. Ne7+ Bxe7 32. Rxc1 Qd5 33. Rc7 Kf7 34.
Qh6 Qf5 35. Qe3 Qd5 36. Qa3 Rd7 37. Rxd7 Qxd7 38. Qd3 Kg7 39. Qxa6 Qxd4 40. Qxe6
Bc5 41. Qg4+ 1-0

[Event "American Cup Blitz 2026"]
[Site "Saint Louis USA"]
[Date "2026.03.02"]
[Round "7.27"]
[White "Bilovil, Bogdan"]
[Black "Tang, Zoey"]
[Result "1-0"]
[WhiteTitle "IM"]
[BlackTitle "FM"]
[WhiteElo "2446"]
[BlackElo "2356"]
[WhiteFideId "14168766"]
[BlackFideId "30952530"]
[EventDate "2026.03.02"]

1. d4 Nf6 2. c4 g6 3. Nc3 c5 4. d5 Bg7 5. e4 d6 6. Bd3 O-O 7. h3 e6 8. Nf3 exd5
9. exd5 Re8+ 10. Be3 a6 11. O-O Nbd7 12. Bf4 Nf8 13. Qd2 Nh5 14. Bh2 f5 15. Rae1
Nf6 16. Qf4 Rxe1 17. Rxe1 Ne8 18. Bg3 Bd7 19. Re2 b5 20. cxb5 axb5 21. Nxb5 Rxa2
22. Nxd6 Rxb2 23. Nxe8 Bxe8 24. Rxb2 Bxb2 25. d6 Bf7 26. Ng5 Bf6 27. Nxf7 Kxf7
28. Qc4+ Ne6 29. Bc2 Bd4 30. Bb3 Qd7 31. Qd5 Kf6 32. Kh2 f4 33. Bh4+ g5 34. g4
gxh4 35. Qf5+ Kg7 36. Bxe6 Qxd6 37. Qf7+ Kh6 38. Kg2 Qe5 39. Qf8+ Qg7 40. Qxf4+
Qg5 41. Qf8+ Qg7 42. Qd6 Qf6 43. f4 Kg7 44. g5 Qf8 45. Qd7+ Kg6 46. Kf3 h6 47.
Bd5 hxg5 48. Be4+ 1-0

[Event "American Cup Blitz 2026"]
[Site "Saint Louis USA"]
[Date "2026.03.02"]
[Round "7.28"]
[White "Zatonskih, Anna"]
[Black "Kiolbasa, Oliwia"]
[Result "0-1"]
[WhiteTitle "IM"]
[BlackTitle "IM"]
[WhiteElo "2328"]
[BlackElo "2397"]
[WhiteFideId "14101572"]
[BlackFideId "1154613"]
[EventDate "2026.03.02"]

1. e4 e6 2. d4 d5 3. Nd2 c5 4. exd5 Qxd5 5. Ngf3 cxd4 6. Bc4 Qd7 7. O-O Nc6 8.
Nb3 a6 9. Nfxd4 Nxd4 10. Qxd4 Qxd4 11. Nxd4 Nf6 12. Be2 Bc5 13. Nb3 Bd6 14. Bf3
Ke7 15. Be3 Nd7 16. Rfd1 Ne5 17. Be2 Bd7 18. f4 Nc6 19. Nc5 Bxc5 20. Bxc5+ Ke8
21. Rd6 Ne7 22. Rad1 Bc6 23. c4 h5 24. b4 Nf5 25. R6d3 h4 26. Bg4 f6 27. R1d2
Kf7 28. Bd1 Rhc8 29. a4 a5 30. b5 Be8 31. Bf2 Rxc4 32. h3 Rxf4 33. Bf3 Rxa4 34.
Bxb7 Rb8 35. Bc6 Ra1+ 36. Kh2 a4 37. Bxe8+ Kxe8 38. b6 a3 0-1

[Event "American Cup Blitz 2026"]
[Site "Saint Louis USA"]
[Date "2026.03.02"]
[Round "7.29"]
[White "Lee, Alice"]
[Black "Sukandar, Irine Kharisma"]
[Result "1-0"]
[WhiteTitle "IM"]
[BlackTitle "IM"]
[WhiteElo "2399"]
[BlackElo "2330"]
[WhiteFideId "30941822"]
[BlackFideId "7101937"]
[EventDate "2026.03.02"]

1. Nf3 d5 2. b3 Nf6 3. Bb2 e6 4. c4 Be7 5. e3 O-O 6. Be2 c5 7. O-O Nc6 8. d4
cxd4 9. Nxd4 Bd7 10. Nc3 dxc4 11. Bxc4 Nxd4 12. Qxd4 Bc6 13. Ne2 Qa5 14. Qe5
Qxe5 15. Bxe5 b5 16. Nd4 Bxg2 17. Kxg2 bxc4 18. bxc4 Rfc8 19. Rfc1 Rc5 20. Bg3
Rac8 21. Rab1 Bf8 22. Rb7 a6 23. Ra7 Ra5 24. Rc2 Ne4 25. Nb3 Ra4 26. c5 h5 27.
c6 g5 28. c7 Nxg3 29. hxg3 Bd6 30. Rd2 Be7 31. Rb7 Rc4 32. Rd7 Bf6 1-0

[Event "American Cup Blitz 2026"]
[Site "Saint Louis USA"]
[Date "2026.03.02"]
[Round "7.30"]
[White "Yu, Jennifer"]
[Black "Li, Rachael"]
[Result "0-1"]
[WhiteTitle "FM"]
[BlackTitle "WIM"]
[WhiteElo "2299"]
[BlackElo "2358"]
[WhiteFideId "2078341"]
[BlackFideId "30929849"]
[EventDate "2026.03.02"]

1. c4 c5 2. Nc3 Nc6 3. g3 g6 4. Bg2 Bg7 5. Nf3 d6 6. O-O Nf6 7. d4 cxd4 8. Nxd4
Bd7 9. Nc2 Qc8 10. e4 Bh3 11. Re1 h5 12. Nd5 Bxg2 13. Kxg2 h4 14. Bf4 hxg3 15.
Bxg3 Nh5 16. Qf3 Qh3+ 17. Kg1 Rc8 18. Rad1 Nxg3 19. hxg3 Ne5 20. Qg2 Qh5 21. Nd4
Rxc4 22. Nf4 Qg4 23. f3 Qc8 24. Nd5 Qc5 25. b4 Nxf3+ 26. Qxf3 Bxd4+ 27. Kg2 Rc2+
28. Re2 Qc4 29. Rdd2 Rc1 30. Qa3 Rhh1 31. Qa4+ Kf8 32. Qd7 Rcf1 0-1

[Event "American Cup Blitz 2026"]
[Site "Saint Louis USA"]
[Date "2026.03.02"]
[Round "7.31"]
[White "Abrahamyan, Tatev"]
[Black "Antova, Gabriela"]
[Result "0-1"]
[WhiteTitle "IM"]
[BlackTitle "FM"]
[WhiteElo "2379"]
[BlackElo "2168"]
[WhiteFideId "13301918"]
[BlackFideId "2915235"]
[EventDate "2026.03.02"]

1. e4 e5 2. Nf3 Nc6 3. Bc4 Nf6 4. d3 h6 5. O-O d6 6. a4 Be7 7. Nc3 O-O 8. h3 Nb4
9. a5 c5 10. Ne2 a6 11. c3 Nc6 12. Ng3 Nxa5 13. Ba2 Nc6 14. d4 cxd4 15. cxd4 Re8
16. Re1 Bf8 17. Be3 exd4 18. Nxd4 Nxd4 19. Bxd4 Be6 20. Bb1 Nd7 21. f4 Qh4 22.
Qf3 Nc5 23. f5 Bc4 24. Ra3 b5 25. b3 Bd5 26. Bf2 Bb7 27. b4 Nd7 28. Nh5 Qe7 29.
Bd4 Ne5 30. Qg3 Qg5 31. Qxg5 hxg5 32. f6 g6 33. Ng3 Rac8 34. Rc3 Rxc3 35. Bxc3
Rc8 36. Bd2 Rc4 37. Rc1 Rxc1+ 38. Bxc1 g4 39. h4 d5 40. exd5 Bxd5 41. Kf2 Bxb4
42. h5 Bc5+ 43. Kf1 gxh5 44. Nxh5 a5 45. g3 a4 46. Nf4 Bc4+ 47. Ke1 a3 0-1

[Event "American Cup Blitz 2026"]
[Site "Saint Louis USA"]
[Date "2026.03.02"]
[Round "7.32"]
[White "Cervantes Landeiro, Thalia"]
[Black "Apaar Saxena"]
[Result "0-1"]
[WhiteTitle "FM"]
[BlackTitle "FM"]
[WhiteElo "2247"]
[BlackElo "2263"]
[WhiteFideId "3520498"]
[BlackFideId "25937219"]
[EventDate "2026.03.02"]

1. d4 Nf6 2. c4 e6 3. Nc3 d5 4. cxd5 exd5 5. Bg5 c6 6. e3 h6 7. Bh4 Be7 8. Bd3
O-O 9. Nge2 Ne8 10. Bg3 Nd6 11. Qc2 Re8 12. O-O Bf8 13. a4 a5 14. e4 dxe4 15.
Nxe4 Nxe4 16. Bxe4 Na6 17. Bf3 Nb4 18. Qc3 Be6 19. Nf4 Bd6 20. Rad1 Bxf4 21.
Bxf4 Bd5 22. Be5 Bxf3 23. Qxf3 f6 24. Bf4 Qd5 25. Qg3 Kh7 26. h4 Re4 27. Rc1
Rxd4 28. Be3 Re4 29. Rfd1 Qe6 30. h5 Qf7 31. Rc5 Nd5 32. Qf3 Rae8 33. Qf5+ Kh8
34. Rxa5 Nxe3 35. fxe3 Rxe3 36. Rc5 Qe7 37. Rcc1 Re2 38. b3 Qe3+ 39. Kh1 Qxb3
40. Rd7 Qxa4 41. Qh3 Qf4 0-1

[Event "American Cup Blitz 2026"]
[Site "Saint Louis USA"]
[Date "2026.03.02"]
[Round "7.33"]
[White "Gueci, Tea"]
[Black "Caglar, Sila"]
[Result "0-1"]
[WhiteTitle "WIM"]
[BlackTitle "WIM"]
[WhiteElo "2138"]
[BlackElo "2215"]
[WhiteFideId "872342"]
[BlackFideId "6364063"]
[EventDate "2026.03.02"]

1. e4 c5 2. Nf3 Nc6 3. Bb5 Nf6 4. Nc3 Qc7 5. O-O Nd4 6. Bc4 e6 7. Re1 d6 8. a4
Be7 9. Nb5 Nxb5 10. Bxb5+ Bd7 11. d4 O-O 12. Bg5 cxd4 13. Nxd4 h6 14. Bh4 a6 15.
Bxd7 Qxd7 16. Nf3 Rfd8 17. Qe2 Rac8 18. e5 Nd5 19. Bxe7 Qxe7 20. c4 Nb4 21. Red1
d5 22. cxd5 Rxd5 23. Rxd5 Nxd5 24. Rd1 Qb4 25. h3 Qxa4 26. Rd4 Qc2 27. Qxc2 Rxc2
28. Re4 Rxb2 29. Nd4 b5 30. f4 b4 31. f5 exf5 32. Nxf5 Rd2 33. Rg4 g6 34. Nxh6+
Kf8 35. Rg3 Rd4 36. Ng4 a5 37. Nf2 a4 38. Nd3 a3 39. Nxb4 Rxb4 40. Rxa3 Re4 41.
Rf3 Rxe5 42. Kh2 Kg7 43. h4 f6 44. g3 Re3 45. Rf1 Nc3 46. Ra1 Ne4 47. Rg1 f5 48.
Rg2 Kh6 49. Rg1 Rxg3 50. Rxg3 Nxg3 51. Kxg3 Kh5 52. Kh3 f4 53. Kh2 Kxh4 54. Kg2
Kg4 0-1

[Event "American Cup Blitz 2026"]
[Site "Saint Louis USA"]
[Date "2026.03.02"]
[Round "8.1"]
[White "Woodward, Andy"]
[Black "So, Wesley"]
[Result "1/2-1/2"]
[WhiteTitle "GM"]
[BlackTitle "GM"]
[WhiteElo "2608"]
[BlackElo "2753"]
[WhiteFideId "30953499"]
[BlackFideId "5202213"]
[EventDate "2026.03.02"]

1. d4 d5 2. c4 e6 3. Nf3 Nf6 4. g3 dxc4 5. Bg2 c5 6. O-O Nc6 7. dxc5 Qxd1 8.
Rxd1 Bxc5 9. Nbd2 c3 10. bxc3 O-O 11. c4 Bd7 12. g4 h6 13. h4 Na5 14. g5 Ba4 15.
gxf6 Bxd1 16. Ne4 Bb4 17. fxg7 Rfd8 18. Bxh6 Kh7 19. Nf6+ Kxh6 20. g8=Q Rxg8 21.
Nxg8+ Rxg8 22. Rxd1 Nxc4 23. Rd7 Nd6 24. Ne5 Rg7 25. Nd3 Ba3 26. Kf1 f5 27. Rd8
Re7 28. Ne5 Kg7 29. e3 b5 30. f4 Rc7 31. Bc6 Nc4 32. Rd7+ Rxd7 33. Bxd7 Nxe3+
34. Kf2 Bc5 35. Bxb5 Ng4+ 36. Kf3 Nxe5+ 37. fxe5 Bd4 38. Kf4 Bb2 39. Bc4 Kf7 40.
h5 Bc1+ 41. Kf3 Bb2 42. Kf4 Bc1+ 43. Kf3 Bb2 1/2-1/2